Capitales de África (orden alfabético) - Estadísticas

Estadísticas generales
  • Esta prueba ha sido intentada 110 veces
  • La puntuación promedio es 36 de 57
Estadísticas de respuestas
País Inicial Capital % Correcto
Argelia A Argel
96%
Guinea-Bisáu B Bisáu
91%
Egipto E El Cairo
91%
Sierra Leona F Freetown
89%
Angola L Luanda
87%
Ghana A Acra
84%
Sudáfrica (legislativo) C Ciudad del Cabo
82%
Senegal D Dakar
82%
Nigeria A Abuya
80%
Etiopia A Adís Abeba
80%
Madagascar A Antananarivo
80%
Congo (Rep.) B Brazzaville
78%
Kenia N Nairobi
78%
Túnez T Túnez
76%
Eritrea A Asmara
73%
Sudán J Jartum
73%
Santo Tomé y Príncipe S Santo Tomé
73%
Yibuti Y Yibuti
73%
Cabo Verde P Praia
71%
Marruecos R Rabat
71%
Guinea C Conakri
69%
Tanzania D Dodoma
69%
Botsuana G Gaborone
69%
Burundi G Gitega
67%
Zimbabue H Harare
67%
Ruanda K Kigali
67%
Mozambique M Maputo
67%
Seychelles V Victoria
67%
República Centroafricana B Bangui
64%
Gabón L Libreville
64%
Togo L Lomé
62%
Somalia M Mogadiscio
62%
Sudáfrica (executivo) P Pretoria
62%
Libia T Trípoli
62%
Mali B Bamako
60%
Gambia B Banjul
60%
Uganda K Kampala
60%
Burkina Faso U Uagadugú
58%
Sudán del Sur Y Yuba
58%
Sudáfrica (judicial) B Bloemfontein
53%
Zambia L Lusaka
53%
Guinea Ecuatorial M Malabo
53%
Malaui L Lilongüe
51%
Liberia M Monrovia
51%
Comoras M Moroni
51%
Namibia W Windhoek
51%
Benín P Porto Novo
49%
Chad Y Yamena
49%
Mauricio P Port Louis
47%
Camerún Y Yaundé
47%
Benín (de facto) C Cotonú
44%
Esuatini M Mbabane
44%
Mauritania N Nuakchot
44%
Costa de Marfíl Y Yamusukro
44%
Níger N Niamey
42%
Lesoto M Maseru
38%
Congo (Rep. Dem.) K Kinasa
13%
No se encontraron pruebas coincidentes
Distribución de puntuación
Porcentaje de gente con cada puntuación
Porcentaje por número respondido
Historial de tus puntuaciones
No has intentado esta prueba.